000 00312nam a22001337a 4500
008 180817b xxu||||| |||| 00| 0 eng d
020 _a9780534204662
041 _aeng
080 _23 ed
_a316
100 _a50
101 _asoc
245 _areligion sociological perpspective
_crobrts.k.a
942 _2udc
_cBK
999 _c47207
_d47207